[Event "FIDE Candidates 2024"]
[Site "Toronto CAN"]
[Date "2024.04.11"]
[Round "7.4"]
[White "Abasov, Nijat"]
[Black "Vidit, Santosh Gujrathi"]
[Result "1/2-1/2"]
[WhiteTitle "GM"]
[BlackTitle "GM"]
[WhiteElo "2632"]
[BlackElo "2727"]
[WhiteFideId "13402960"]
[BlackFideId "5029465"]
[EventDate "2024.04.04"]

1. e4 e5 2. Nf3 Nc6 3. Bb5 Nf6 4. d3 Bc5 5. Bxc6 dxc6 6. O-O Nd7 7. Nc3 Qe7 8.
Be3 Bxe3 9. fxe3 b6 10. a3 Bb7 11. b4 a5 12. Ne2 O-O 13. Ng3 g6 14. Qd2 c5 15.
Qc3 f6 16. Rfb1 Rf7 17. Nd2 h5 18. Nf3 Qe6 19. h3 Kg7 20. Kh2 Qd6 21. Nh4 Kh7
22. Qe1 Rg7 23. Qe2 Qe6 24. c3 Kg8 25. Rf1 a4 26. c4 Rd8 27. Qc2 Nf8 28. bxc5
bxc5 29. Rf3 Bc6 30. Raf1 Nh7 31. Ne2 Qd6 32. Nc1 f5 33. R3f2 fxe4 34. dxe4 Qe7
35. Nf3 g5 36. g3 Nf6 37. Nd2 Rd6 38. Ne2 Bd7 39. Nb1 h4 40. Nbc3 c6 41. gxh4 g4
42. Ng3 gxh3 43. Rxf6 Rxf6 44. Rxf6 Qxf6 45. Nh5 Qxh4 46. Nxg7 Kxg7 47. Qd2 Bc8
48. Qe2 Bg4 49. Qd2 Bc8 50. Qe2 Bg4 51. Qd2 1/2-1/2

[Event "FIDE Candidates 2024"]
[Site "Toronto CAN"]
[Date "2024.04.13"]
[Round "8.1"]
[White "Praggnanandhaa, R"]
[Black "Firouzja, Alireza"]
[Result "1/2-1/2"]
[WhiteTitle "GM"]
[BlackTitle "GM"]
[WhiteElo "2747"]
[BlackElo "2760"]
[WhiteFideId "25059530"]
[BlackFideId "12573981"]
[EventDate "2024.04.04"]

1. e4 c5 2. Nf3 e6 3. d4 cxd4 4. Nxd4 Nc6 5. Nc3 Qc7 6. Ncb5 Qb8 7. Bd3 a6 8.
Nxc6 bxc6 9. Nd4 c5 10. Nf3 Ne7 11. O-O Bb7 12. c3 Ng6 13. Rb1 Be7 14. b4 O-O
15. a4 Qc7 16. Re1 d5 17. bxc5 dxe4 18. Rxb7 Qxb7 19. Bxe4 Qc7 20. Bxa8 Rxa8 21.
Be3 Bxc5 22. Bxc5 Qxc5 23. Qd3 Qc6 24. Re4 Rc8 25. h3 h6 26. a5 Qd5 27. Qxa6 Ra8
28. Qc4 Qxa5 29. Re1 Qd5 30. Qxd5 exd5 31. g3 Rc8 32. Re3 Kf8 33. Kg2 Ne7 34.
Nd4 Nc6 35. Nf5 Rd8 36. Rd3 h5 37. Ne3 d4 38. cxd4 Rxd4 39. Rxd4 Nxd4 40. h4 g6 1/2-1/2

[Event "FIDE Candidates 2024"]
[Site "Toronto CAN"]
[Date "2024.04.13"]
[Round "8.2"]
[White "Vidit, Santosh Gujrathi"]
[Black "Gukesh, D"]
[Result "0-1"]
[WhiteTitle "GM"]
[BlackTitle "GM"]
[WhiteElo "2727"]
[BlackElo "2743"]
[WhiteFideId "5029465"]
[BlackFideId "46616543"]
[EventDate "2024.04.04"]

1. e4 e5 2. Nf3 Nc6 3. Bc4 Nf6 4. d3 a6 5. O-O h6 6. a4 Bc5 7. Be3 d6 8. Nbd2
O-O 9. c3 Re8 10. b4 Bxe3 11. fxe3 Be6 12. b5 Nb8 13. Bxe6 Rxe6 14. Qc2 Nbd7 15.
d4 Qe8 16. Rae1 axb5 17. axb5 Ra5 18. c4 Qa8 19. h3 Re8 20. Kh2 b6 21. Rf2 Ra2
22. Qd3 Ra3 23. Qb1 Qa4 24. Nh4 Ra8 25. Nf5 Kf8 26. Ref1 Ra1 27. Qd3 Qb4 28.
Rxa1 Rxa1 29. c5 bxc5 30. Nc4 Qe1 31. Re2 Qg1+ 32. Kg3 Nh5+ 33. Kh4 Ndf6 34.
Nxh6 Qh2 35. Nf5 Rf1 36. g4 Rxf5 37. exf5 Qg3+ 38. Kg5 Nh7+ 0-1

[Event "FIDE Candidates 2024"]
[Site "Toronto CAN"]
[Date "2024.04.13"]
[Round "8.3"]
[White "Nakamura, Hikaru"]
[Black "Caruana, Fabiano"]
[Result "1-0"]
[WhiteTitle "GM"]
[BlackTitle "GM"]
[WhiteElo "2789"]
[BlackElo "2803"]
[WhiteFideId "2016192"]
[BlackFideId "2020009"]
[EventDate "2024.04.04"]

1. e4 e5 2. Nf3 Nc6 3. Bb5 a6 4. Ba4 Nf6 5. d3 Bc5 6. O-O d6 7. c3 O-O 8. Re1
Ne7 9. Nbd2 Ng6 10. Nf1 d5 11. exd5 Nxd5 12. Bb3 c6 13. d4 exd4 14. Nxd4 Nf6 15.
h3 Bxd4 16. cxd4 Nd5 17. Bc2 Be6 18. Ng3 Ndf4 19. Re4 Nd5 20. a3 Re8 21. Bd2 Nf6
22. Bg5 h6 23. Bxf6 Qxf6 24. Qd2 Qg5 25. Re3 Nf4 26. h4 Qd5 27. Re4 Ng6 28. Rae1
Nf8 29. Re5 Qd8 30. h5 Bd7 31. Rxe8 Bxe8 32. Nf5 Qf6 33. Qb4 b5 34. Ne7+ Kh8 35.
Nd5 1-0

[Event "FIDE Candidates 2024"]
[Site "Toronto CAN"]
[Date "2024.04.13"]
[Round "8.4"]
[White "Nepomniachtchi, Ian"]
[Black "Abasov, Nijat"]
[Result "1/2-1/2"]
[WhiteTitle "GM"]
[BlackTitle "GM"]
[WhiteElo "2758"]
[BlackElo "2632"]
[WhiteFideId "4168119"]
[BlackFideId "13402960"]
[EventDate "2024.04.04"]

1. e4 e5 2. Nf3 Nf6 3. Nxe5 d6 4. Nf3 Nxe4 5. d3 Nf6 6. d4 d5 7. Bd3 c5 8. O-O
c4 9. Be2 Nc6 10. b3 cxb3 11. axb3 Bd6 12. c4 O-O 13. Nc3 h6 14. cxd5 Nb4 15.
Ne5 Nbxd5 16. Nxd5 Nxd5 17. Bc4 Be6 18. Qf3 Bb4 19. Qg3 Kh8 20. Ra2 a5 21. Re2
Qb6 22. Re4 Nc3 23. Re3 Bxc4 24. Nxc4 Qxd4 25. Bb2 b5 26. Rxc3 bxc4 27. Rc2 c3
28. Rxc3 Bd6 29. Qf3 Be5 30. Rc2 Qf4 31. Qxf4 Bxf4 32. Rc4 Bd6 33. Rd1 Rfd8 34.
Kf1 Kg8 35. Bc3 Be7 36. Rxd8+ Bxd8 37. Ke2 Kf8 38. Kd3 Bb6 39. f3 Rd8+ 40. Kc2
f6 41. Rc6 Rb8 42. Kb2 Ke7 43. Ka3 Kd7 44. Rc4 Re8 45. Rg4 g5 46. Bxf6 Re2 47.
b4 axb4+ 48. Kxb4 Be3 49. h4 gxh4 50. Bxh4 Bc1 51. Kc4 Ke6 52. Rg7 Re5 53. Kd3
Bg5 54. Bf2 Rd5+ 55. Ke2 Rd2+ 56. Ke1 Ra2 57. g3 Ra1+ 58. Ke2 Ra2+ 59. Kf1 Ra1+
60. Kg2 Ra2 61. Kf1 Ra1+ 62. Kg2 Ra2 63. Kf1 1/2-1/2

[Event "FIDE Candidates 2024"]
[Site "Toronto CAN"]
[Date "2024.04.14"]
[Round "9.1"]
[White "Vidit, Santosh Gujrathi"]
[Black "Nakamura, Hikaru"]
[Result "1-0"]
[WhiteTitle "GM"]
[BlackTitle "GM"]
[WhiteElo "2727"]
[BlackElo "2789"]
[WhiteFideId "5029465"]
[BlackFideId "2016192"]
[EventDate "2024.04.04"]

1. e4 e5 2. Nf3 Nc6 3. Bc4 Nf6 4. d3 h6 5. c3 d6 6. O-O g5 7. Nbd2 Bg7 8. Bb3 a5
9. a4 O-O 10. Nc4 Be6 11. Re1 Re8 12. h3 Qd7 13. Bd2 Rad8 14. Qc2 b6 15. Ba2 Nh5
16. Ne3 Bxa2 17. Rxa2 Ne7 18. d4 exd4 19. cxd4 d5 20. e5 Rc8 21. Ra3 c5 22. dxc5
Rxc5 23. Qd1 Nf4 24. b4 Rcc8 25. bxa5 bxa5 26. Bxa5 Nc6 27. Bc3 Nxe5 28. Bxe5
Bxe5 29. Nxd5 Nxd5 30. Nxe5 Qe6 31. Rd3 Nf4 32. Rd6 Qa2 33. Rxh6 Qb2 34. Qd7 Qb3
35. Qf5 Ng6 36. Rxg6+ 1-0

[Event "FIDE Candidates 2024"]
[Site "Toronto CAN"]
[Date "2024.04.14"]
[Round "9.2"]
[White "Gukesh, D"]
[Black "Praggnanandhaa, R"]
[Result "1/2-1/2"]
[WhiteTitle "GM"]
[BlackTitle "GM"]
[WhiteElo "2743"]
[BlackElo "2747"]
[WhiteFideId "46616543"]
[BlackFideId "25059530"]
[EventDate "2024.04.04"]

1. e4 e5 2. Nf3 Nc6 3. Bb5 a6 4. Ba4 Nf6 5. d3 Bc5 6. Bxc6 dxc6 7. c3 Qe7 8. h3
Bd6 9. Nbd2 a5 10. O-O Nd7 11. Nc4 b6 12. Nxd6+ cxd6 13. Bg5 Nf6 14. Nd2 h6 15.
Be3 Ba6 16. Qc2 Nd7 17. f4 exf4 18. Bxf4 O-O 19. Rae1 Ne5 20. c4 b5 21. b3 c5
22. Nf3 Ng6 23. Bg3 Qd7 24. Nh2 a4 25. Ng4 axb3 26. axb3 bxc4 27. bxc4 Bb7 28.
Rb1 Ra6 29. Qf2 Bc8 30. Ne3 Qa7 31. Rb2 Rd8 32. Kh2 Ra3 33. Qe2 Be6 34. Nd5 Ra1
35. Rfb1 Rxb1 36. Rxb1 f6 37. Rb3 Ne5 38. Qb2 Bxd5 39. exd5 Qe7 40. Rb7 Rd7 41.
Rb8+ 1/2-1/2

[Event "FIDE Candidates 2024"]
[Site "Toronto CAN"]
[Date "2024.04.14"]
[Round "9.3"]
[White "Firouzja, Alireza"]
[Black "Nepomniachtchi, Ian"]
[Result "1/2-1/2"]
[WhiteTitle "GM"]
[BlackTitle "GM"]
[WhiteElo "2760"]
[BlackElo "2758"]
[WhiteFideId "12573981"]
[BlackFideId "4168119"]
[EventDate "2024.04.04"]

1. Nf3 d5 2. b3 Nf6 3. Bb2 Bf5 4. g3 c5 5. Bg2 Nc6 6. O-O e6 7. d3 Be7 8. Nbd2
O-O 9. Re1 h6 10. e4 Bh7 11. Ne5 Nxe5 12. Bxe5 Nd7 13. Bb2 d4 14. a4 e5 15. f4
Qc7 16. Qf3 b6 17. Bh3 Rae8 18. Nc4 Bd6 19. Bc1 Qc6 20. Nxd6 Qxd6 21. Bxd7 Qxd7
22. f5 f6 23. g4 Kf7 24. h4 Ke7 25. Re2 Kd6 26. Bd2 a5 27. Rh2 Kc7 28. Rf1 Rh8
29. g5 Bg8 30. gxf6 gxf6 31. h5 Bf7 32. Rg2 Reg8 33. Rg6 Bxg6 34. fxg6 Re8 35.
Be1 Re6 36. Bh4 Rf8 37. Qg4 Qe7 38. Kh2 Kd6 39. Rf5 Qg7 40. Qf3 Kc7 41. Qf2 Kb7
42. Qg2 Rc6 43. Qg4 Ka6 44. Rf1 Rd6 1/2-1/2

[Event "FIDE Candidates 2024"]
[Site "Toronto CAN"]
[Date "2024.04.14"]
[Round "9.4"]
[White "Abasov, Nijat"]
[Black "Caruana, Fabiano"]
[Result "1/2-1/2"]
[WhiteTitle "GM"]
[BlackTitle "GM"]
[WhiteElo "2632"]
[BlackElo "2803"]
[WhiteFideId "13402960"]
[BlackFideId "2020009"]
[EventDate "2024.04.04"]

1. d4 d5 2. c4 e6 3. Nc3 Bb4 4. a3 Bxc3+ 5. bxc3 Nf6 6. e3 c6 7. a4 O-O 8. Bd3
e5 9. dxe5 dxc4 10. Bxc4 Qxd1+ 11. Kxd1 Ng4 12. Ke1 Nxe5 13. Be2 Rd8 14. Nf3
Nd3+ 15. Bxd3 Rxd3 16. Bb2 Be6 17. Ke2 Rd8 18. Nd2 c5 19. c4 Nc6 20. a5 Rd7 21.
Bc3 Rad8 22. Rhc1 h6 23. Rab1 Bf5 24. Rb5 Ne5 25. Bxe5 Rxd2+ 26. Kf3 Ra2 27.
Rxb7 Rdd2 28. Bg3 a6 29. Rc7 Rxa5 30. h4 h5 31. Kf4 Be6 32. Ke5 Kh7 33. Ke4 Rb2
34. Rc3 Rd2 35. Rc1 Rd8 36. Rc6 Rd7 37. Bd6 Ra4 38. Kf3 f6 39. Kg3 Bxc4 40. Rxc5
Bf7 41. Bf4 Rb4 42. Rc7 Rb7 43. Rxd7 Rxd7 44. Rc7 1/2-1/2

[Event "FIDE Candidates 2024"]
[Site "Toronto CAN"]
[Date "2024.04.15"]
[Round "10.1"]
[White "Praggnanandhaa, R"]
[Black "Vidit, Santosh Gujrathi"]
[Result "1/2-1/2"]
[WhiteTitle "GM"]
[BlackTitle "GM"]
[WhiteElo "2747"]
[BlackElo "2727"]
[WhiteFideId "25059530"]
[BlackFideId "5029465"]
[EventDate "2024.04.04"]

1. e4 e5 2. Nf3 Nc6 3. Bb5 Nf6 4. d3 Bc5 5. Bxc6 dxc6 6. Qe2 Nd7 7. Be3 Qe7 8.
Nc3 Bd6 9. Nd2 Nc5 10. Nc4 Ne6 11. Qd2 f6 12. Nxd6+ Qxd6 13. Ne2 b6 14. f4 exf4
15. Nxf4 c5 16. Qf2 Bb7 17. Nxe6 Qxe6 18. b3 O-O-O 19. O-O Kb8 20. Rae1 Rhf8 21.
Qf5 Qd6 22. Qh3 h6 23. Rf2 Bc8 24. Qg3 Qxg3 25. hxg3 Be6 26. a4 a5 27. Bd2 Rfe8
28. Bc3 Rd7 29. Rf4 Kb7 30. Kf2 Rde7 31. g4 Bd7 32. Ra1 Be6 33. Kg3 Bd7 34. Rf2
Bc8 35. Re1 Bd7 36. Rfe2 Kc6 37. Rf2 Kb7 38. Rfe2 Kc6 39. Rf2 Kb7 1/2-1/2

[Event "FIDE Candidates 2024"]
[Site "Toronto CAN"]
[Date "2024.04.15"]
[Round "10.2"]
[White "Nakamura, Hikaru"]
[Black "Abasov, Nijat"]
[Result "1-0"]
[WhiteTitle "GM"]
[BlackTitle "GM"]
[WhiteElo "2789"]
[BlackElo "2632"]
[WhiteFideId "2016192"]
[BlackFideId "13402960"]
[EventDate "2024.04.04"]

1. e4 e5 2. Nf3 Nf6 3. Nxe5 d6 4. Nf3 Nxe4 5. d3 Nf6 6. d4 d5 7. Bd3 c5 8. c3 c4
9. Bc2 Bd6 10. O-O O-O 11. h3 Nc6 12. Bg5 h6 13. Bh4 b5 14. Re1 a5 15. Ne5 Ra6
16. Nd2 Bc7 17. Qf3 Ne7 18. b3 a4 19. bxa4 bxa4 20. Nf1 a3 21. Rab1 Re6 22. Ng4
Nxg4 23. hxg4 Qe8 24. Bg3 Ba5 25. Rxe6 Bxe6 26. Rb7 Nc8 27. Bf4 Qc6 28. Rb8 Ne7
29. Rb1 Qd7 30. g5 Bg4 31. Qg3 h5 32. Qe3 Ng6 33. Bh2 Re8 34. Qd2 Re2 35. Rb8+
Kh7 36. Qc1 Qe7 37. Be5 Qe6 38. Ng3 Rxe5 39. dxe5 Qxe5 40. Rb5 Bxc3 41. Qe3 Qxe3
42. fxe3 d4 43. exd4 Bxd4+ 44. Kf1 h4 45. Ne2 Be3 46. Ra5 Kg8 47. Rxa3 Bxg5 48.
Ra8+ Nf8 49. a4 f5 50. Nd4 h3 51. gxh3 Bxh3+ 52. Kf2 Bh4+ 53. Kf3 Bg4+ 54. Kg2
f4 55. Bf5 f3+ 56. Kf1 Bxf5 57. Nxf5 Bg5 58. a5 1-0

[Event "FIDE Candidates 2024"]
[Site "Toronto CAN"]
[Date "2024.04.15"]
[Round "10.3"]
[White "Nepomniachtchi, Ian"]
[Black "Gukesh, D"]
[Result "1/2-1/2"]
[WhiteTitle "GM"]
[BlackTitle "GM"]
[WhiteElo "2758"]
[BlackElo "2743"]
[WhiteFideId "4168119"]
[BlackFideId "46616543"]
[EventDate "2024.04.04"]

1. e4 e5 2. Nf3 Nc6 3. Bb5 a6 4. Ba4 Nge7 5. d4 exd4 6. Nxd4 Nxd4 7. Qxd4 Nc6 8.
Qe3 Be7 9. Nc3 O-O 10. Nd5 b5 11. Bb3 Na5 12. Qg3 Bd6 13. Bf4 Bxf4 14. Qxf4 d6
15. O-O Be6 16. Rfd1 Re8 17. h3 h6 18. Rd3 c5 19. Rg3 Kh8 20. c3 Nxb3 21. axb3
Bxd5 22. exd5 Qd7 23. b4 cxb4 24. Qxb4 Re5 25. Qd4 Qa7 26. Rd3 Re2 27. Qxa7 Rxa7
28. b4 Rc2 29. Re1 Kh7 30. Re8 Rc7 31. Ra8 R7xc3 32. Rxc3 Rxc3 33. Rxa6 Rc4 34.
Rxd6 Rxb4 35. Rb6 Rb1+ 36. Kh2 b4 37. d6 Rd1 38. Rxb4 Rxd6 39. Ra4 h5 40. h4 g6 1/2-1/2

[Event "FIDE Candidates 2024"]
[Site "Toronto CAN"]
[Date "2024.04.15"]
[Round "10.4"]
[White "Caruana, Fabiano"]
[Black "Firouzja, Alireza"]
[Result "1-0"]
[WhiteTitle "GM"]
[BlackTitle "GM"]
[WhiteElo "2803"]
[BlackElo "2760"]
[WhiteFideId "2020009"]
[BlackFideId "12573981"]
[EventDate "2024.04.04"]

1. e4 c5 2. Nf3 d6 3. d4 cxd4 4. Nxd4 Nf6 5. Nc3 a6 6. Rg1 h5 7. Bc4 g6 8. Bg5
Bg7 9. Qd2 Qa5 10. O-O-O Nc6 11. Nb3 Qxg5 12. Qxg5 Bh6 13. h4 Be6 14. Be2 Kf8
15. Nd4 Nxd4 16. Rxd4 Rc8 17. f4 Bxg5 18. hxg5 Ng4 19. Rf1 Bd7 20. Kd2 Bc6 21.
Nd5 f5 22. gxf6 Nxf6 23. c4 Kg7 24. Nxe7 Nxe4+ 25. Kd1 Ng3 26. Re1 Nf5 27. Nxf5+
gxf5 28. Bd3 Rcf8 29. Rxd6 Rf6 30. c5 h4 31. Re7+ Kg6 32. Re5 Rh5 33. Bf1 Rxd6+
34. cxd6 Rh8 35. Re6+ Kf7 36. Bc4 Rd8 37. Ke1 Kg7 38. Kf2 a5 39. a3 b5 40. Bd3
Bd5 41. Re7+ Bf7 42. Bxb5 Kf6 43. Rc7 Rxd6 44. Rc6 Rxc6 45. Bxc6 Bb3 46. Bd7 Kg6
47. Kg1 1-0

[Event "FIDE Candidates 2024"]
[Site "Toronto CAN"]
[Date "2024.04.17"]
[Round "11.1"]
[White "Praggnanandhaa, R"]
[Black "Nakamura, Hikaru"]
[Result "0-1"]
[WhiteTitle "GM"]
[BlackTitle "GM"]
[WhiteElo "2747"]
[BlackElo "2789"]
[WhiteFideId "25059530"]
[BlackFideId "2016192"]
[EventDate "2024.04.04"]

1. d4 d5 2. Nf3 Nf6 3. c4 c5 4. cxd5 cxd4 5. Qxd4 Qxd5 6. Nc3 Qxd4 7. Nxd4 a6 8.
g3 e5 9. Nb3 Nc6 10. Bg2 a5 11. Nb5 Bb4+ 12. Bd2 Ke7 13. a3 Bxd2+ 14. Nxd2 a4
15. Nc4 Be6 16. Rc1 Ra6 17. O-O Rd8 18. Ne3 Ra5 19. Bxc6 bxc6 20. Nc3 Bb3 21.
Nb1 Ra6 22. f4 e4 23. Kf2 Rb6 24. Nc3 g6 25. Rb1 Nd5 26. Rbc1 f5 27. g4 fxg4 28.
Nxg4 Nxf4 29. Ke3 Nd5+ 30. Kxe4 Nxc3+ 31. bxc3 c5 32. Rf4 Bd5+ 33. Ke3 h5 34. c4
Ba8 35. Nh6 Re6+ 36. Kf2 Rf6 37. Kg3 Rh8 38. Rxf6 Kxf6 39. Rf1+ Kg7 40. Nf5+
gxf5 41. Rxf5 Rc8 42. Rxh5 Bb7 43. Kf4 Ba6 44. Ke5 Kg6 45. Rh4 Kg5 46. Rh3 Bxc4
47. Rg3+ Kh6 48. e4 Rc6 49. Kf5 Bf7 50. Ke5 c4 51. Kd4 Rd6+ 52. Kc5 Rd3 53. Kb4
Rb3+ 54. Kxa4 Rxg3 0-1

[Event "FIDE Candidates 2024"]
[Site "Toronto CAN"]
[Date "2024.04.17"]
[Round "11.2"]
[White "Vidit, Santosh Gujrathi"]
[Black "Nepomniachtchi, Ian"]
[Result "0-1"]
[WhiteTitle "GM"]
[BlackTitle "GM"]
[WhiteElo "2727"]
[BlackElo "2758"]
[WhiteFideId "5029465"]
[BlackFideId "4168119"]
[EventDate "2024.04.04"]

1. e4 e5 2. Nf3 Nf6 3. Nxe5 d6 4. Nc4 Nxe4 5. Qe2 Qe7 6. Nc3 Nxc3 7. bxc3 Bg4 8.
Qxe7+ Bxe7 9. Rb1 b6 10. d4 Be6 11. a4 O-O 12. Ne3 Bg5 13. c4 Re8 14. h4 Bf6 15.
c3 c5 16. Bd3 Nc6 17. d5 Ne5 18. Bxh7+ Kxh7 19. dxe6 fxe6 20. Ke2 Rad8 21. g4 g6
22. g5 Bg7 23. a5 bxa5 24. Rb7 Rd7 25. Rxd7 Nxd7 26. Rd1 Bf8 27. Ng4 Rb8 28. Bf4
Rb2+ 29. Kf3 e5 30. Be3 Nb6 31. Nf6+ Kh8 32. Ke4 a4 33. Ra1 Rb3 34. Kd3 a3 35.
Bc1 a5 36. Bxa3 d5 37. Kc2 dxc4 38. Ne4 Rb5 39. Rd1 Be7 40. Re1 Kg7 41. Nd2 Bd6
42. Ne4 Be7 43. Ng3 Rb3 44. Bc1 Nd5 45. Ne4 Kf7 46. Bd2 a4 47. Ra1 Nb6 48. Be3
Rb5 49. Nd2 Ra5 50. Kb2 Ke6 51. Ka3 Rb5 52. Rc1 Kf5 53. f3 Nd5 54. Kxa4 Rb8 55.
Nxc4 e4 56. fxe4+ Kxe4 57. Bf2 Kd3 58. Bg3 Nxc3+ 59. Ka3 Rb4 60. Nb2+ Kd2 61.
Rf1 c4 62. Rf2+ Ne2 63. Be5 c3 64. Rf7 Rb7+ 65. Ka4 c2 66. Nc4+ Kd3 67. Nb2+ Ke4 0-1

[Event "FIDE Candidates 2024"]
[Site "Toronto CAN"]
[Date "2024.04.17"]
[Round "11.3"]
[White "Gukesh, D"]
[Black "Caruana, Fabiano"]
[Result "1/2-1/2"]
[WhiteTitle "GM"]
[BlackTitle "GM"]
[WhiteElo "2743"]
[BlackElo "2803"]
[WhiteFideId "46616543"]
[BlackFideId "2020009"]
[EventDate "2024.04.04"]

1. d4 Nf6 2. c4 e6 3. Nf3 d5 4. Nc3 Nbd7 5. cxd5 exd5 6. Bg5 h6 7. Bh4 c6 8. e3
g5 9. Bg3 Nh5 10. Bd3 Nxg3 11. hxg3 Bg7 12. O-O Nb6 13. Qc2 O-O 14. b4 Qe7 15.
Rab1 Be6 16. a4 Nd7 17. a5 a6 18. Na4 Rad8 19. Nc5 Nxc5 20. bxc5 f5 21. Qc3 Rf7
22. Rb4 Qc7 23. Rb2 Re8 24. Ne5 Bxe5 25. dxe5 h5 26. f4 Qd8 27. fxg5 Qxg5 28.
Rf3 Qg7 29. Rbf2 Bd7 30. Qb4 Bc8 31. Bxf5 Rxf5 32. Rxf5 Bxf5 33. Rxf5 Rxe5 34.
Rxe5 Qxe5 35. Qxb7 Qxg3 36. Qxc6 Qe1+ 37. Kh2 Qh4+ 38. Kg1 Qe1+ 39. Kh2 Qh4+ 40.
Kg1 Qe1+ 1/2-1/2

[Event "FIDE Candidates 2024"]
[Site "Toronto CAN"]
[Date "2024.04.17"]
[Round "11.4"]
[White "Firouzja, Alireza"]
[Black "Abasov, Nijat"]
[Result "1-0"]
[WhiteTitle "GM"]
[BlackTitle "GM"]
[WhiteElo "2760"]
[BlackElo "2632"]
[WhiteFideId "12573981"]
[BlackFideId "13402960"]
[EventDate "2024.04.04"]

1. Nf3 Nf6 2. b3 c5 3. Bb2 Nc6 4. e3 g6 5. d4 cxd4 6. Nxd4 Bg7 7. Be2 O-O 8. O-O
Nxd4 9. Bxd4 d5 10. Nd2 Qd6 11. c4 Rd8 12. cxd5 Qxd5 13. Bf3 Qf5 14. Rc1 Ne8 15.
Rc5 e5 16. Nc4 f6 17. Rd5 Rxd5 18. Bxd5+ Kh8 19. Bc5 Qd7 20. Bf3 Rb8 21. Bxa7
Ra8 22. Nb6 Qxd1 23. Rxd1 Rxa7 24. Rd8 1-0

[Event "FIDE Candidates 2024"]
[Site "Toronto CAN"]
[Date "2024.04.18"]
[Round "12.1"]
[White "Nepomniachtchi, Ian"]
[Black "Praggnanandhaa, R"]
[Result "1/2-1/2"]
[WhiteTitle "GM"]
[BlackTitle "GM"]
[WhiteElo "2758"]
[BlackElo "2747"]
[WhiteFideId "4168119"]
[BlackFideId "25059530"]
[EventDate "2024.04.04"]

1. e4 e6 2. d4 d5 3. exd5 exd5 4. Nf3 Nc6 5. Nc3 Nge7 6. a3 Bf5 7. Be3 Qd7 8.
Be2 Ng6 9. h4 h5 10. Nd2 Bg4 11. Nb3 Be7 12. g3 Bxe2 13. Qxe2 O-O-O 14. O-O-O
Qf5 15. Na4 Nf8 16. Rd3 Qg4 17. Qd2 b6 18. Nc3 Ne6 19. Qe2 Qxe2 20. Nxe2 Bd6 21.
Bd2 a5 22. a4 Ne7 23. Rf3 f6 24. Bf4 Nf5 25. c3 Bxf4+ 26. Nxf4 Nxf4 27. Rxf4 Nd6
28. Nd2 Rde8 29. Kd1 Re6 30. Re1 Kd7 31. Rf3 Rxe1+ 32. Kxe1 Re8+ 33. Kd1 Kc6 34.
Rf4 b5 35. axb5+ Kxb5 36. g4 hxg4 37. Rxg4 Re7 38. b3 a4 39. bxa4+ Kxa4 40. Kc2
Nf5 41. Rf4 Nd6 42. Rg4 f5 43. Rg2 f4 44. Kd3 Ne4 45. Nxe4 dxe4+ 46. Kc2 c5 47.
dxc5 Kb5 48. Rg4 e3 49. fxe3 fxe3 50. Kd1 e2+ 51. Ke1 Kxc5 52. Rg2 Re4 53. h5
Re5 54. Rxg7 Rxh5 55. Kxe2 1/2-1/2

[Event "FIDE Candidates 2024"]
[Site "Toronto CAN"]
[Date "2024.04.18"]
[Round "12.3"]
[White "Abasov, Nijat"]
[Black "Gukesh, D"]
[Result "0-1"]
[WhiteTitle "GM"]
[BlackTitle "GM"]
[WhiteElo "2632"]
[BlackElo "2743"]
[WhiteFideId "13402960"]
[BlackFideId "46616543"]
[EventDate "2024.04.04"]

1. d4 Nf6 2. c4 e6 3. Nc3 Bb4 4. Qc2 h6 5. Nf3 c5 6. dxc5 Na6 7. g3 Nxc5 8. Bg2
Nce4 9. O-O Nxc3 10. bxc3 Bc5 11. e4 Nh7 12. e5 Rb8 13. Nd2 b6 14. Ne4 Bb7 15.
h4 Qc7 16. Rd1 Bxe4 17. Qxe4 O-O 18. Bf4 Rfd8 19. Rd2 Nf8 20. h5 b5 21. cxb5
Rxb5 22. Bf1 Rb6 23. Rad1 Rdb8 24. a4 Rb3 25. Rd3 Ra3 26. Rf3 Qc6 27. Qxc6 dxc6
28. Rfd3 Rxa4 29. Bg2 Ra2 30. R1d2 Rxd2 31. Rxd2 Rc8 32. Be4 a5 33. Bc2 g5 34.
hxg6 Nxg6 35. Kg2 Kg7 36. Ba4 Ne7 37. c4 Rb8 38. Ra2 Bb4 39. Kf3 Rd8 40. Be3 Rd3
41. Ke2 Rc3 42. c5 Nd5 43. Rc2 Rxc2+ 44. Bxc2 a4 45. Kd3 a3 46. Bb3 Kg6 47. Bd4
Kg5 48. Kc4 Be1 49. Kd3 Kg4 50. Bd1+ Kg5 51. Bb3 Kf5 52. Kc4 Ke4 53. Bd1 a2 54.
f3+ Kf5 55. Bc2+ Kg5 56. Bb3 Bxg3 57. Bxa2 h5 0-1

[Event "FIDE Candidates 2024"]
[Site "Toronto CAN"]
[Date "2024.04.18"]
[Round "12.4"]
[White "Caruana, Fabiano"]
[Black "Vidit, Santosh Gujrathi"]
[Result "1-0"]
[WhiteTitle "GM"]
[BlackTitle "GM"]
[WhiteElo "2803"]
[BlackElo "2727"]
[WhiteFideId "2020009"]
[BlackFideId "5029465"]
[EventDate "2024.04.04"]

1. e4 e5 2. Nf3 Nc6 3. Bc4 Bc5 4. O-O Nf6 5. d3 d6 6. c3 a6 7. a4 Ba7 8. Nbd2
O-O 9. h3 Ne7 10. Re1 Ng6 11. a5 c6 12. Bb3 Re8 13. d4 d5 14. dxe5 Nxe5 15. Nxe5
Rxe5 16. exd5 Rxe1+ 17. Qxe1 Nxd5 18. Bc2 Be6 19. Nf3 Qd7 20. c4 Ne7 21. Be3
Bxe3 22. Qxe3 Rd8 23. Qc5 h6 24. b3 Qc7 25. Re1 Kf8 26. Re3 Ke8 27. Qh5 Kf8 28.
Qc5 Ke8 29. g4 Qf4 30. Kg2 Rd7 31. Re4 Qd6 32. Qe3 c5 33. Re5 Nc6 34. Rd5 Qc7
35. Rxc5 Re7 36. Qc3 Qd6 37. Rh5 f6 38. Bg6+ Kd8 39. Qe3 Kc8 40. Qb6 Kb8 41. Rc5
Bd7 42. b4 Qf4 43. Bf5 Bxf5 44. Rxf5 Qc7 45. Qc5 Re4 46. Qd5 Re2 47. b5 Nxa5 48.
Nd4 Rb2 49. bxa6 Nc6 50. Qg8+ Nd8 51. Rd5 Ka7 52. Rxd8 1-0

[Event "FIDE Candidates 2024"]
[Site "Toronto CAN"]
[Date "2024.04.20"]
[Round "13.1"]
[White "Nepomniachtchi, Ian"]
[Black "Nakamura, Hikaru"]
[Result "1/2-1/2"]
[WhiteTitle "GM"]
[BlackTitle "GM"]
[WhiteElo "2758"]
[BlackElo "2789"]
[WhiteFideId "4168119"]
[BlackFideId "2016192"]
[EventDate "2024.04.04"]

1. e4 e5 2. Nf3 Nc6 3. Bb5 a6 4. Ba4 Bc5 5. O-O Nge7 6. c3 Ng6 7. d4 Ba7 8. Bg5
f6 9. Be3 O-O 10. Nbd2 Kh8 11. Re1 exd4 12. Nxd4 Nxd4 13. Bxd4 Bxd4 14. cxd4 d5
15. exd5 Qxd5 16. Ne4 Qd8 17. Bc2 f5 18. Nc5 b6 19. Nd3 Bb7 20. Ne5 Qg5 21. d5
Rad8 22. Bb3 c5 23. Nf3 Qh5 24. Ne5 Qg5 25. Nf3 Qh5 26. Ne5 Qg5 27. Nf3 1/2-1/2